Visuaalisen muistin testi - Maat maailmankartalla - Statistics

Yleistilastot
  • Tätä visaa on pelattu 99 kertaa
  • Keskiarvotulos 9 / 15
Vastaukset kartalla
Vastauksille on annettu kartalla punavihreä väri sen mukaan, kuinka moni on saanut sen oikein.
 
Vastaustilastot
Maa % Oikein
Alankomaat
100%
Algeria
100%
Bolivia
100%
Brasilia
100%
Burkina Faso
100%
Ecuador
100%
Egypti
100%
Etelä-Afrikka
100%
Indonesia
100%
Intia
100%
Islanti
100%
Kanada
100%
Kolumbia
100%
Mongolia
100%
Nauru
100%
Norja
100%
Pakistan
100%
Suomi
100%
Tanska
100%
Uruguay
100%
Valko-Venäjä
100%
Yhdistynyt kuningaskunta
100%
Yhdysvallat
100%
Chile
83%
Irlanti
83%
Palau
83%
Venezuela
83%
Marokko
80%
Puola
80%
Turkki
80%
Ukraina
80%
Angola
75%
Georgia
75%
Irak
75%
Meksiko
75%
Myanmar
75%
Romania
75%
Salomonsaaret
75%
Sudan
75%
Suriname
75%
Thaimaa
75%
Tšekki
75%
Argentiina
71%
Mali
71%
Mikronesia
71%
Sveitsi
71%
Uzbekistan
71%
Afganistan
67%
Australia
67%
Guyana
67%
Honduras
67%
Italia
67%
Itävalta
67%
Japani
67%
Kambodža
67%
Kirgisia
67%
Liettua
67%
Madagaskar
67%
Marshallinsaaret
67%
Nicaragua
67%
Oman
67%
Papua-Uusi-Guinea
67%
Peru
67%
Pohjois-Korea
67%
Saksa
67%
Samoa
67%
Saudi-Arabia
67%
Turkmenistan
67%
Venäjä
67%
Viro
67%
Dominikaaninen tasavalta
63%
Latvia
63%
Bosnia ja Hertsegovina
60%
Vietnam
60%
Paraguay
57%
Senegal
57%
Somalia
57%
Armenia
50%
Bahama
50%
Bangladesh
50%
Botswana
50%
Bulgaria
50%
Eritrea
50%
Espanja
50%
Guatemala
50%
Iran
50%
Jemen
50%
Jordania
50%
Kazakstan
50%
Kenia
50%
Keski-Afrikan tasavalta
50%
Kiina
50%
Kongon demokraattinen tasavalta
50%
Kreikka
50%
Kuuba
50%
Liberia
50%
Libya
50%
Malediivit
50%
Mauritania
50%
Namibia
50%
Norsunluurannikko
50%
Portugali
50%
São Tomé ja Príncipe
50%
Serbia
50%
Sierra Leone
50%
Slovakia
50%
Syyria
50%
Tadžikistan
50%
Malesia
44%
Tunisia
44%
Panama
43%
Seychellit
43%
Azerbaidžan
40%
Malawi
40%
Ranska
40%
Tšad
40%
Uganda
40%
Uusi-Seelanti
40%
Benin
33%
Gabon
33%
Guinea
33%
Komorit
33%
Kroatia
33%
Moldova
33%
Sambia
33%
Sri Lanka
33%
Tansania
33%
Tonga
33%
Tuvalu
33%
Etiopia
29%
Filippiinit
29%
Fidži
25%
Kiribati
25%
Mauritius
25%
Niger
25%
Taiwan
25%
Unkari
25%
Ghana
20%
Etelä-Sudan
17%
Kongon tasavalta
17%
Belgia
0%
Bhutan
0%
Etelä-Korea
0%
Kamerun
0%
Kap Verde
0%
Laos
0%
Lesotho
0%
Mosambik
0%
Nepal
0%
Nigeria
0%
Ruotsi
0%
Vanuatu
0%
Yhdistyneet arabiemiirikunnat
0%
Zimbabwe
0%
Ehtoja vastaavia visoja ei löytynyt
Tulosjakauma
Jokaisen tuloksen saaneiden osuus
Persentiili vastausten määrän mukaan
Tuloshistoriasi
Et ole pelannut tätä visaa